| 000 | 004430000a22001690004500 | ||
|---|---|---|---|
| 003 | MACL | ||
| 005 | 20151230150951.0 | ||
| 008 | 151230b xxu||||| |||| 00| 0 eng d | ||
| 040 |
_aMACL _cMACL |
||
| 041 | _aEnglish | ||
| 082 | _a320/HAR | ||
| 100 |
_aLecky, William Edward Hartpole _923837 |
||
| 245 | _aDemocracy And Liberty | ||
| 260 |
_bLongmans Greens And Co. _c1899 |
||
| 650 |
_aPolitical Science _925033 |
||
| 942 |
_cBK _k320.1/LEC _2ddc |
||
| 999 |
_c37941 _d37941 |
||